|
|
|
|
| LEADER |
00925nam a2200241 a 4500 |
| 001 |
3622400 |
| 008 |
091125s1974 njua b 001 0 eng d |
| 010 |
|
|
|a \\\74001470
|
| 020 |
|
|
|a 0135177227
|
| 040 |
|
|
|a DLC
|c DLC
|d DLC
|
| 082 |
0 |
0 |
|a 331/.0973
|2 18
|
| 100 |
1 |
|
|a Reynolds, Lloyd George,
|d 1910-
|
| 245 |
1 |
0 |
|a Labor economics and labor relations /
|c by Lloyd G. Reynolds.
|
| 250 |
|
|
|a 6th ed.
|
| 260 |
|
|
|a Englewood Cliffs, N.J. :
|b Prentice-Hall,
|c 1974.
|
| 300 |
|
|
|a xvi, 720 p. :
|b illus. ;
|c 24 cm.
|
| 504 |
|
|
|a Includes bibliographies and index.
|
| 541 |
1 |
|
|e 00001465
|
| 650 |
|
0 |
|a Labor economics.
|
| 650 |
|
0 |
|a Industrial relations.
|
| 852 |
4 |
|
|a Ayesha Abed Library
|j General shelf
|
| 999 |
|
|
|c 5829
|d 5829
|
| 952 |
|
|
|0 0
|1 0
|2 ddc
|4 0
|6 331_097300000000000_REY_1974
|7 0
|9 5799
|a BRACUL
|b BRACUL
|c GEN
|d 2009-12-02
|g 0.00
|l 3
|m 8
|o 331.0973 REY
|p 3010001465
|r 2015-05-31
|s 2015-05-07
|t 1
|w 2009-12-02
|y BK
|x No price found in the accession register.
|